| 000 | 00575cam a2200205 a 4500 | ||
|---|---|---|---|
| 001 | 534182 | ||
| 005 | 20241101193605.0 | ||
| 008 | 870930s1988 enk 000 0 eng | ||
| 020 | _a0631145387 (pbk.) : | ||
| 050 | 0 | 0 |
_aK560 _b.S53 1988 |
| 082 | 0 | 0 |
_a340/.1 _219 |
| 100 | 1 | _aSimpson, A. W. Brian. | |
| 245 | 1 | 0 |
_aInvitation to law / _cA.W.B. Simpson. |
| 260 |
_aOxford, OX, UK ; _aNew York, NY, USA : _bBlackwell, _c1988. |
||
| 300 |
_a227 p. ; _c22 cm. _bIndex |
||
| 440 | 0 | _aInvitation series | |
| 650 | 0 |
_aLaw _xPhilosophy. |
|
| 650 | 0 |
_aLaw _xHistory. |
|
| 942 |
_2lcc _cBK _n0 |
||
| 999 |
_c543 _d543 |
||